000
00260nam a2200097Ia 4500
001
683299
005
20250826161435.0
008
250824s9999 xx 000 0 und d
245
0
_a
BENİM KÜÇÜK DOSTLARIM
_c
HALİDE NUSRET ZORLUTUNA
260
_b
TİMAŞ YAYINLARI
999
_c
683299
_d
683299